Kansakoulun työtapoja ...

Saved in:
Bibliographic Details
Main Author: Saarialho, Kaarlo Matias, 1886-
Format: Book
Language:Finnish
Published: Porvoo-Helsinki, W. Söderström Osakeyhtiö [1948]
Subjects:
Tags: Add Tag
No Tags, Be the first to tag this record!
LEADER 00592nam a2200205I 4500
001 005530833-3
005 20020606163548.3
008 830315s1948 fi 000 0 fin d
035 0 |a ocm09312820 
040 |a OSU  |c OSU  |d HLS 
043 |a e-fi--- 
050 4 |a LA847  |b .S15 
090 |a LA847  |b .S15 
100 1 |a Saarialho, Kaarlo Matias,  |d 1886- 
245 1 0 |a Kansakoulun työtapoja ...  |c toimituskunta Kaarlo Saarialho [et al.] 
260 |a Porvoo-Helsinki,  |b W. Söderström Osakeyhtiö  |c [1948] 
300 |a 3 v.  |b illus.  |c 22 cm. 
650 0 |a Education  |z Finland. 
988 |a 20020608 
906 |0 OCLC